Actividades de impuestos un enfoque por competencias /

Detalles Bibliográficos
Autor principal: Delgado Garca̕, Ana Mara̕
Otros Autores: Oliver Cuello, Rafael, Quintana Ferrer, Esteban
Formato: Desconocido
Lenguaje:español
Publicado: Barcelona : Bosch, 2009
Acceso en línea:Acceso restringido

MARC

LEADER 00000ny a22000003n 4500
005 2011061600130.0
008 100524s2009 sp 000 0 spa d
015 |a E029B I CHUSA 
020 |a 9788476988916 
035 |a 4942 
040 |a UM  |d vLex 
080 |a 336.225(460)(076) 
080 |a 351.713(460):378(076) 
090 |c 772  |d 772 
100 1 |a Delgado Garca̕, Ana Mara̕ 
245 1 0 |a Actividades de impuestos  |h [Recurso electrn̤ico]  |b un enfoque por competencias /   |c Ana Mara̕ Delgado Garca̕, Rafael Oliver Cuello, Esteban Quintana Ferrer 
256 |a Servicio en ln̕ea 
260 |a Barcelona :   |b Bosch,   |c 2009 
300 |a p. ;  |c cm 
506 1 |a Contenido solo disponible en los productos indicados  |d vLex Global  |d vLex Global (Academic Edition, excluding Law Schools)  |d vLex Global (U.S. Academic Edition, Law Schools)  |d vLex Global (U.S. Academic Edition, excluding Law Schools)  |d vLex Global (Academic Edition, Law Schools) 
700 1 |a Oliver Cuello, Rafael 
700 1 |a Quintana Ferrer, Esteban 
740 0 |a vLex Libros (Servicios en ln̕ea) 
856 4 0 |u http://vlex.com/source/4942  |z Acceso restringido 
942 |c BOOK 
999 4 |a Taxation  |v Problemas y ejercicios  |b Espaą 
999 4 |a Impuesto-  |z Espaą  |v Problemas y ejercicios